01400 a2200169 45000010006000000050017000060080041000230030015000640400040000790800038001192450089001572500011002462640034002573000019002915050894003101000026012042971920260407155607.0260407a1968 arg spa dAR-UNSa-BCEJYS aAR-UNSa-BCEJYSbspacAR-UNSa-BCEJYS a657.372.2xEvaluación (revaluo)10aLa revaluación de los balances y los problemas económicos, fiscales y técnicos a2a. ed 1aBuenos Aires :bDepalmac1968 a293 p.c23 cm. a1. El examen de las valuaciones patrimoniales y la contabilidad moderna - 2. Valuacion del patrimonio de una hacienda en pleno funcionamiento - 3. Los balances y la economía monetaria - 4. La revalorización de los balances por depreciación de la moneda - 5. Carácter y técnica de la revaluación - 6. El accionista y la revaluación de los balances - 7. La revaluación y el problema fiscal - 8. La revaluación en la legislación comparada - 9. La legislación argentina.Las leyes 15.272 y 17.335 - 10. Análisis teórico-práctico de los rubros activos revaluables según la ley 17335 - 11. Análisis teórico-práctico de los rubros del pasivo cuyo revalúo admite la ley 17.335 - 12. El destino del saldo de revalúo y otros aspectos de la ley 17.335 - 13. El problema impositivo según ls ley 17.335 - 14. El aspecto técnico-contable según la ley 17.335.1 aRipa Alberdi, Vicente